000 00313nam a22001337a 4500
008 170830b xxu||||| |||| 00| 0 eng d
020 _a2900073406816
041 _aeng
080 _a047
100 _a39
101 _aMED
245 _aINTERVIWING PRINCIPLES NAD PRACTICES
_cSTEWART.CH.J
942 _2udc
_cBK
999 _c25525
_d25525